000 00844 a2200229 4500
005 20251219152126.0
008 251219b |||||||| |||| 00| 0 eng d
020 _a9789349761759 (hbk)
037 _cTB
040 _aCRL
_cCRL
041 _2pun
_apun
084 _aQ8441:21:g 153R5
_qCRL
100 _aਸਿੰਘ, ਕਿਸ਼ਨ
_9847646
245 _aਗੁਰਬਾਣੀ ਦਾ ਸੱਚ
246 _aGurbani da Sach / Kishan Singh,
260 _aਲੁਧਿਆਣਾ, ਭਾਰਤ:
_bਪੰਜਾਬੀ ਸਾਹਿਤ ਅਕੈਡਮੀ,
_c2025.
300 _a208 ਪ.
365 _b 350.00
_cINR
650 _2ਸਿੱਖ ਧਰਮ
942 _cTB
_2CC
_n0
_hQ8441:21:g 153R5
999 _c1464623
_d1464623